[Event "GRE-chT Online Rapid op 1st"]
[Site "Tornelo INT"]
[Date "2021.02.21"]
[Round "7.37"]
[White "Voidis, Charalambos"]
[Black "Limnaios, Emmanouil"]
[Result "1-0"]
[WhiteElo "1249"]
[BlackElo "1127"]
[PlyCount "53"]
[EventDate "2021.02.20"]
[EventType "team-swiss (rapid)"]
[EventRounds "9"]
[EventCountry "GRE"]
[SourceTitle "EXT 2023"]
[Source "ChessBase"]
[SourceDate "2022.10.05"]
[SourceVersion "1"]
[SourceVersionDate "2022.10.05"]
[SourceQuality "1"]

1. e4 e6 2. Nf3 d5 3. exd5 exd5 4. d4 Nf6 5. Bd3 Bg4 6. h3 Bh5 7. 0-0 Nc6 8. Be3 Be7 9. Nbd2 0-0 10. c3 Re8 11. Qc2 Bg6 12. Rad1 Bd6 13. Bxg6 hxg6 14. c4 Re6 15. c5 Be7 16. Ng5 Nb4 17. Qb3 Ra6 18. Qxb4 Rxa2 19. Ra1 Rxa1 20. Rxa1 b6 21. Qb5 Nd7 22. Ngf3 bxc5 23. dxc5 Rb8 24. Qc6 Nf6 25. Rxa7 Rxb2 26. Qxc7 Qxc7 27. Rxc7 1-0

[Event "GRE-chT Online Rapid op 1st"]
[Site "Tornelo INT"]
[Date "2021.02.21"]
[Round "9.33"]
[White "Voidis, Charalambos"]
[Black "Papadokonstantakis, Hristos"]
[Result "1-0"]
[WhiteElo "1249"]
[BlackElo "1239"]
[PlyCount "97"]
[EventDate "2021.02.20"]
[EventType "team-swiss (rapid)"]
[EventRounds "9"]
[EventCountry "GRE"]
[SourceTitle "EXT 2023"]
[Source "ChessBase"]
[SourceDate "2022.10.05"]
[SourceVersion "1"]
[SourceVersionDate "2022.10.05"]
[SourceQuality "1"]

1. e4 e6 2. Bd3 d5 3. c3 Bd6 4. Nf3 c5 5. e5 Bc7 6. 0-0 Nc6 7. Re1 Nh6 8. Bc2 Nf5 9. Bxf5 exf5 10. d4 0-0 11. Bg5 f6 12. exf6 gxf6 13. Bh6 Re8 14. Rxe8+ Qxe8 15. dxc5 Qe7 16. Qxd5+ Be6 17. Qd1 Rd8 18. Qe2 Bc4 19. Qxc4+ Kh8 20. Nbd2 Ne5 21. Nxe5 Qxe5 22. Nf3 Qd5 23. Qxd5 Rxd5 24. Nd4 Rxc5 25. Ne6 Rc6 26. Nxc7 Rxc7 27. Re1 Kg8 28. Re8+ Kf7 29. Rh8 Kg6 30. Be3 Rd7 31. Bd4 Re7 32. h3 Re1+ 33. Kh2 Re2 34. c4 Rd2 35. Rd8 a6 36. Rd5 Rc2 37. c5 h5 38. a4 Rc4 39. a5 Ra4 40. Bc3 Kg5 41. f3 h4 42. Rd7 Rc4 43. Rxb7 Rxc5 44. Rb6 f4 45. Rxa6 f5 46. Ra8 Rb5 47. a6 Kg6 48. a7 Ra5 49. Rg8+ 1-0